Slaves of the Lord (Record no. 12246)

MARC details
000 -LEADER
fixed length control field 00699nam a2200253 a 4500
020 ## - INTERNATIONAL STANDARD BOOK NUMBER
ISBN 8121543
082 00 - DEWEY DECIMAL CLASSIFICATION NUMBER
Classification number 294.561
Author Cutter DEH
100 ## - MAIN ENTRY--AUTHOR NAME
Author name Dehejia, Vidya
245 ## - TITLE STATEMENT
Title Slaves of the Lord
Sub title the Path of the Tamil Saints
260 ## - PUBLICATION, DISTRIBUTION, ETC. (IMPRINT)
Place of publication New Delhi
Name of publisher Munshiram Manoharlal Publishers
Year of publication 1988
300 ## - PHYSICAL DESCRIPTION
Number of Pages 206p
500 ## - GENERAL NOTE
General note includes index and biblioraphy
505 2# - FORMATTED CONTENTS NOTE
Formatted contents note Appendices, Notes, Bibliography, Index
650 ## - SUBJECT ADDED ENTRY--TOPICAL TERM
Topical Term Hindu Saints-Tamil
650 ## - SUBJECT ADDED ENTRY--TOPICAL TERM
Topical Term Mysticism-Hinduism
942 ## - ADDED ENTRY ELEMENTS (KOHA)
Koha item type Books
700 1# -
-- Dehejia, Vidya
Holdings
Collection code Home library Current library Date acquired Cost, normal purchase price Full call number Accession Number Koha item type
  Henry Martyn Institute Library Henry Martyn Institute Library 07/25/2007 400.00 294.561 DEH 018569 Books
                   Copyright © 2026 | Henry Martyn Institute | Hyderabad | TS-500052 | INDIA | Implemented by hmi.edu.in
Hit-Count:

Powered by Koha